Представление документа в формате RUSMARC

ПолеНазваниеЗначение
  Тип записи a
  Библиографический уровень a
001 Контрольный номер UONB/MAIN/dd5d3f6f977d4971b4518777a46d402a
005 Дата корректировки 20260430111609.5
100 Данные общей обработки __
a Данные общей обработки 20260430 ||| 0rusy0189 ca
101 Язык документа 0_
a Язык текста rus
102 Страна публикации __
a Страна публикации RU
200 Заглавие и сведения об ответственности 1_
a Заглавие Пример настоящей семьи
f Первые сведения об ответственности Н. Скорнякова
203 Вид содержания и тип средства __
a Вид содержания Текст
b Характеристика содержания визуальный
c Тип средства непосредственный
215 Физическое описание __
c Иллюстрации/тип воспроизводства ил., портр.
330 Аннотация __
a Аннотация Валентин Иванович Фокин - директор Скугареевского профессионального училища № 23.
461 Уровень набора _0
1 2000
a Тереньгульские вести
463 Уровень физической единицы _0
1 2000
a № 13 (11256) (27 марта)
v С. 7
1 2101
d 2026
1 001UONB/MAIN/f21490e50ea04b67b23254f88e19b176
600 Персоналии _1
a Персоналии (Фамилия) Фокин
b Персоналии (Имя, инициалы) В. И.
g Полное имя Валентин Иванович
601 Наименование организации как предмет 02
a Наименование организации как предмет Скугареевское профессиональное училище № 23
607 Географические рубрики __
a Географическое наименование Скугареевка, село (Тереньгульский район ; Ульяновская область)
610 Ключевые слова 0_
a Ключевые слова деятели народного образования; директора профессиональных училищ; профтехучилища; семьи; истории семей
686 Индексы других классификаций __
2 Код системы rubbk
686 Индексы других классификаций __
2 Код системы rubbk
a Классификационный индекс 74.57
686 Индексы других классификаций __
2 Код системы rubbk
a Классификационный индекс 74.037-8
700 Автор _1
a Фамилия Скорнякова
b Имя (инициалы) Н.
801 Источник записи _0
a Страна RU
b Организация Ульяновская ОНБ
c Дата составления 20260430
g Правила каталогизации RCR
801 Источник записи _1
a Страна RU
b Организация Ульяновская ОНБ
c Дата составления 20260430
g Правила каталогизации RCR
901 Тип документа __
t Тип документа f
w Контрольный № источника UONB/MAIN/f21490e50ea04b67b23254f88e19b176
909 Создатель записи __
a Создатель записи Мухаметжанова
b Дата создания записи 20260430